European Landmarks by city Quiz Stats

 Plays Quiz not verified by Sporcle

Challenge
Share
Tweet
Embed
Score 0/26 Timer 10:00
0 Plays Today
% Correct
London
99.3%
Paris
86.7%
Copenhagen
85.9%
Athens
78.5%
Stockholm
74.8%
Dublin
72.6%
Rome
71%
Lisbon
55.6%
Krakow
45.9%
Vienna
43.7%
Monte Carlo
30.4%
Vaduz
29%
Kiev
28.9%
% Correct
Yerevan
27.4%
Aranđelovac
23.7%
Paphos
22.2%
Tallinn
20.7%
Ghent
20%
Riga
19.4%
Sarajevo
19.3%
Andorra La Vella
18.5%
Nisporeni
16.1%
Helsinki
15.6%
Sinaia
13.3%
Vilnius
9.7%
Lisse
6.5%

You're not logged in!

Compare scores with friends on all Sporcle quizzes.
Join for Free
OR
Log In

You Might Also Like...

Show Comments

Extras

Top Quizzes Today


Score Distribution

Your Account Isn't Verified!

In order to create a playlist on Sporcle, you need to verify the email address you used during registration. Go to your Sporcle Settings to finish the process.

Report this User

Report this user for behavior that violates our Community Guidelines.

Details: